EPIC The Musical : Survive - Statistiques

Statistiques générales
  • Ce quiz a été pris 38 fois
  • Le résultat moyen est 222 sur 262
Statistiques - réponses
Hint Réponse % Correct
a
100%
And
100%
and
100%
He
100%
I
100%
our
100%
Our
100%
The
100%
the
100%
we
100%
We
100%
you,
100%
You
100%
your
100%
hundred
96%
life
96%
Odysseus My
96%
my
96%
| Odysseus | Soldiers No
96%
on
96%
over
96%
| Soldiers Six
96%
take
96%
when
96%
at
93%
be
93%
Polites Captain
93%
Captain?
93%
Captain!
93%
fight,
93%
fight!
93%
fight
93%
if
93%
I′ll
93%
I'll
93%
is
93%
It's
93%
live
93%
lives
93%
lives!
93%
me
93%
now
93%
one
93%
so
93%
then
93%
they
93%
to
93%
allowed
89%
are
89%
beach
89%
club
89%
club!
89%
dying
89%
for
89%
got
89%
| Soldiers Ha!
89%
here
89%
| Soldier 1 He's
89%
he′s
89%
him,
89%
him
89%
him!
89%
just
89%
kill
89%
of
89%
out
89%
| Choir Polyphemus
89%
That
89%
that
89%
this
89%
Odysseus Attack
85%
break
85%
day,
85%
dead
85%
in
85%
journey's
85%
journey′s
85%
must
85%
not
85%
orders?
85%
rest
85%
survive
85%
through
85%
wait
85%
Soldier 2 What
85%
You′re
85%
as
81%
but
81%
Defeat
81%
die,
81%
die
81%
good
81%
his
81%
we′re
81%
will
81%
behind,
78%
Polyphemus Enough
78%
enough
78%
fleet,
78%
from
78%
| Odysseus Show
78%
slow
78%
stake
78%
brothers
74%
hurt
74%
us
74%
won't
74%
Polyphemus You′ve
74%
ahead
70%
chance
70%
fighting
70%
great
70%
heels
70%
heels!
70%
how
70%
pain
70%
strong
70%
swords
70%
backup
67%
deadly
67%
Odysseus Don′t
67%
Escape
67%
let
67%
strike
67%
Soldiers Strike
67%
support,
67%
| Soldiers Surround
67%
they're
67%
who
67%
blind
63%
get
63%
mind
63%
can't
59%
distance
59%
keep
59%
defeated,
56%
Stand
56%
Straight
56%
up
56%
draw
52%
Find
52%
reach
52%
spot
52%
stay
52%
breach
48%
close
48%
Odysseus Push
48%
Odysseus | Soldiers Exhaust
44%
right
44%
foe
41%
forward!
37%
blow
33%
land
22%
thwarted
22%
Aucun quiz correspondant
Distribution des résultats
% des personnes avec chaque résultat
Percentile par nombre de réponses
Votre historique - résultats
Vous n’avez pas pris ce quiz